000 00420nam a2200181Ia 4500
005 20240823012018.0
008 240823s9999||||xx |||||||||||||| ||und||
041 _aENGLISH
082 _A519.287 M4
100 _aBalagurusamy E
245 0 _aReliability Engineering
250 _a1st
260 _c1984
_b"TMH,New Delhi"
500 _aTRANSFERED
650 _aMATHS
_bMathematics
942 _cBK
999 _c163176
_d163176